Normal view
MARC view
- Matrix analytic methods
Entry Topical Term
001 - CONTROL NUMBER
- control field: 102617
003 - CONTROL NUMBER IDENTIFIER
- control field: NUST
005 - DATE AND TIME OF LATEST TRANSACTION
- control field: 20221115115855.0
008 - FIXED-LENGTH DATA ELEMENTS
- fixed length control field: 221115|| aca||aabn | a|a d
040 ## - CATALOGING SOURCE
- Original cataloging agency: NUST
- Transcribing agency: NUST
150 ## - HEADING--TOPICAL TERM
- Topical term or geographic name entry element: Matrix analytic methods
670 ## - SOURCE DATA FOUND
- Source citation: Work cat.: (NUST)0: Shores, Thomas S. 56923, Applied linear algebra and matrix analysis /, c2007.
